Education, manpower, and economic growth : (Record no. 42455)
[ view plain ]
| 000 -LEADER | |
|---|---|
| fixed length control field | 01234nam a2200289 a 4500 |
| 001 - CONTROL NUMBER | |
| control field | 42455 |
| 003 - CONTROL NUMBER IDENTIFIER | |
| rucl marc code | BD-RUCL |
| 005 - DATE AND TIME OF LATEST TRANSACTION | |
| control field | 20211209053538.0 |
| 008 - FIXED-LENGTH DATA ELEMENTS--GENERAL INFORMATION | |
| fixed length control field | 160613r19741968ii a b 000 0 eng d |
| 035 ## - SYSTEM CONTROL NUMBER | |
| System control number | (BD-RUCL)42573 |
| 040 ## - CATALOGING SOURCE | |
| Original cataloging agency | DLC |
| Transcribing agency | BD-RUCL |
| Modifying agency | BD-RUCL |
| -- | EQO |
| Language of cataloging | eng |
| 041 ## - LANGUAGE CODE | |
| Language code of text/sound track or separate title | eng |
| 082 ## - DEWEY DECIMAL CLASSIFICATION NUMBER | |
| Classification number | 331 |
| Author mark and year | HAE 1974 |
| Edition number | 23 |
| 100 1# - MAIN ENTRY--PERSONAL NAME | |
| Personal name | Harbison, Frederick |
| 9 (RLIN) | 25702 |
| 245 10 - TITLE STATEMENT | |
| Title | Education, manpower, and economic growth : |
| Remainder of title | strategies of human resource development / |
| Statement of responsibility, etc. | Frederick Harbison, Charles A. Myers |
| 250 ## - EDITION STATEMENT | |
| Edition statement | Indian ed. (1968) |
| 260 ## - PUBLICATION, DISTRIBUTION, ETC. (IMPRINT) | |
| Place of publication, distribution, etc. | New Delhi : |
| Name of publisher, distributor, etc. | Oxfoard & IBH Publishing Co., |
| Date of publication, distribution, etc. | c1964 [Reprint 1974] |
| 300 ## - PHYSICAL DESCRIPTION | |
| Pagination | xiii, 229 p. : |
| Illustrations | ill. ; |
| Size | 24 cm |
| 490 1# - SERIES STATEMENT | |
| Series statement | McGraw-Hill series in international development |
| 500 ## - GENERAL NOTE | |
| General note | "A joint project of the Industrial Relations Section, Princeton University, and the Industrial Relations Section, Massachusetts Institute of Technology, as part of the Inter-university Study of Labor Problems in Economic Development." Includes Index |
| 650 #0 - SUBJECT ADDED ENTRY--TOPICAL TERM | |
| Topical term or geographic name as entry element | Labor supply |
| 9 (RLIN) | 25703 |
| Topical term or geographic name as entry element | Education |
| 9 (RLIN) | 25704 |
| Topical term or geographic name as entry element | Economic development |
| 9 (RLIN) | 25705 |
| 700 1# - ADDED ENTRY--PERSONAL NAME | |
| Personal name | Myers, Charles A. |
| 830 #0 - SERIES ADDED ENTRY--UNIFORM TITLE | |
| Uniform title | McGraw-Hill series in international development |
| 942 ## - ADDED ENTRY ELEMENTS (KOHA) | |
| Source of classification or shelving scheme | Dewey Decimal Classification |
| Koha item type | Books |
| Lost status | Source of classification or shelving scheme | Damaged status | Not for loan | Collection code | Permanent Location | Current Location | Shelving location | Date acquired | Source of acquisition | Total Checkouts | Full call number | Date last seen | Copy number | Koha item type |
|---|---|---|---|---|---|---|---|---|---|---|---|---|---|---|
| Dewey Decimal Classification | Non-fiction | Central Library, University of Rajshahi | Central Library, University of Rajshahi | 06/07/1976 | Gift | 331 HAE 1974 | 13/06/2016 | C-2 | Books | |||||
| Dewey Decimal Classification | Non-fiction | Central Library, University of Rajshahi | Central Library, University of Rajshahi | 06/07/1976 | Gift | 331 HAE 1974 | 13/06/2016 | C-3 | Books |